An introduction to multivariate statistical analysis

Zapisane w:
Opis bibliograficzny
1. autor: Anderson, Theodore Wilbur (Autor)
Format: Książka
Język:angielski
Wydane: Nueva York Wiley 1958
Seria:Wiley series in probability and mathematical statistics
Hasła przedmiotowe:
Etykiety: Dodaj etykietę
Nie ma etykietki, Dołącz pierwszą etykiete!

MARC

LEADER 00000nam a2200000 a 4500
001 UCW0905
003 CL-VaPUC
008 900327e19580000US |||||||||||||||||eng|d
082 0 4 |a 519.535  |b AND  |2 21 
100 0 |a Anderson, Theodore Wilbur  |e author  |9 304828 
245 1 3 |a An introduction to multivariate statistical analysis 
300 |a 373 p 
942 |c BK 
945 |d 19900327 00:00:00 
260 |a Nueva York  |b Wiley  |c 1958 
650 0 |a Análisis estadístico multivariante  |9 260011 
583 |a last modification  |c 19900327 00:00:00  |k Rodrigo Vera 
490 0 |a Wiley series in probability and mathematical statistics 
999 |c 215928  |d 215926 
952 |0 0  |1 0  |4 0  |6 519_535000000000000_AND_1958  |7 0  |8 A  |9 201189  |a BIBGIM  |b BIBGIM  |d 2019-11-14  |i 2683660  |o 519.535 AND 1958  |p 2683660  |r 2025-01-15  |w 2019-11-14  |y BK  |k EST 
952 |0 0  |1 0  |4 0  |6 519_535000000000000_AND_1958  |7 0  |8 A  |9 201190  |a BIBGIM  |b BIBGIM  |d 2019-11-14  |i 2683687  |o 519.535 AND 1958  |p 2683687  |r 2025-01-15  |w 2019-11-14  |y BK  |k EST